000 01269nas a2200313 4500
001 BR7905248
003 BR-BrBNA
005 20231205083915.0
007 ta
008 230509b bl.|||p| |||| 00| 00por d
040 _aBR-BrBNA
_bpor
_cBiblioteca Nacional de Agricultura
041 _a(Pt)
072 _aH20
100 1 _aGridi-Papp, I.L.
100 1 _aSoave, J.
111 1 _a29. Reuniao Anual da Sociedade Brasileira para o Progresso da Ciencia
_cSao Paulo, SP (Brazil)
_d6 Jul 1977
245 1 _aTransferencia da resistencia a Fusarium oxysporum, Fusarium vasinfectum baseada em inoculacoes durante a germinacao de sementes de algodoeiro e em testes sob condicoes naturais [Murcha de fusarium; Gossypium hirsutum; Brasil]
246 1 _aTransfer of resistance to fusarium wilt base on inoculation of germinating cotton seeds and on field tests [Fusarium wilt; Gossypium hirsutum; Brazil]
650 _aPraga de planta
650 _aAlgodao
650 _aSemente
650 _aMurcha de fusarium
650 _aGerminacao
650 _aVariedade resistente
650 _aInoculacao
773 0 _tBragantia (Brazil)
_xISSN 0006-8705
_g(Jun 1979), v. 38(12) p. 115-121
_wBR7905248
909 _a202311
_bLúcia
_c55
_dLúcia Elande
942 _2AGRIS
_n0
_cANA
999 _c101949
_d101949